Florentská tragédia

Bibliographic Details
Main Author: Wilde, Oscar, 1854-1900 (Author)
Other Authors: Roy, Vladimír, 1885-1936 (Translator)
Format: Book
Language:Slovak
English
PhysicalDescription:43, [4] s. 8°
Published: Nitra [s.n.] 1932
Subjects:

MARC

LEADER 00000nam a2200000 a 4500
001 vtls008406350
003 SK-MaSNL
005 20260301044121.0
008 251124s1932 xo slo
015 |a SKSNBA19191938-014652 
035 |a SK01SNKBSKHR20010098567 
035 |a SKM000101030 
040 |a SNK  |b slo  |c SNK  |e AACR2 
041 1 |a slo  |h eng 
044 |a xo  |a xr 
080 |a 820  |2 1981 
100 1 |a Wilde, Oscar,  |d 1854-1900  |4 aut  |9 104450 
245 1 0 |a Florentská tragédia  |c Oscar Wilde ; prel. Vladimír Roy 
260 |a Nitra  |b [s.n.]  |c 1932  |e Vyškov  |f Fr. Obzina 
300 |a 43, [4] s.  |c 8° 
505 0 |a S dedikáciou 
510 0 |a Súkromná tlač 
563 |a 200 číslov. ex. 
650 0 7 |a anglická dráma  |2 SNK  |9 1177 
655 7 |a umelecká literatúra  |2 SNKPH  |9 60405 
700 1 |a Roy, Vladimír,  |d 1885-1936  |4 trl  |9 19274 
852 |a Slovenská národná knižnica v Martine  |b 10000  |h MS SD 18417 
958 |a RK 
958 |a TL 
999 |c 595242  |d 597172 
952 |a SNK  |b SNK  |y PREZ  |7 0  |p 17A0642284  |o snkSD 18417  |i snkK 1206/60  |8 3  |0 0  |1 0  |4 0  |d 2010-01-16  |l 0  |r 2025-12-02 00:00:00  |w 2026-02-23 
952 |a SNK  |b SNK  |y VYP  |7 0  |p 17A0469238  |o snkSD 18417 D1  |i snkK 1066/72  |8 3  |0 0  |1 0  |4 0  |d 2010-01-16  |l 0  |r 2026-02-23 15:36:53  |w 2026-02-23